MARC

LEADER 00000nam0a2200000 4500
001 32104
005 20231030204738.0
035 |a (RuTPU)RU\TPU\book\32399 
035 |a BOOK00000478 
090 |a 32104 
100 |a 20011210d u y0rusy50 ca 
101 0 |a rus 
102 |a RU 
105 |a a 100|y 
200 1 |a Компьютерная графика в науке и искусстве  |e Тезисы докладов конференции, Протвино, 28 сент.-2 окт. 1992  |f Ин-т физики высок. энергий 
210 |a [Б. м.]  |c [Б. и.]  |d Б.г 
215 |a 60 с.  |c ил. 
320 |a Библиогр. в конце докл. 
517 1 |a Графикон 
610 1 |a программирование 
610 1 |a компьютерная графика 
610 1 |a геометрическое моделирование 
610 1 |a изображения 
610 1 |a обработка 
610 1 |a графический интерфейс 
610 1 |a конференции 
610 1 |a Москва 
675 |a 681.327.1(063)  |v 3 
712 0 2 |a Институт физики высоких энергий 
712 1 2 |a Компьютерная графика в науке и искусстве  |b Конференция  |e Протвино  |f 1992 
801 0 |a RU  |b 63413507  |c 20011210  |g PSBO 
801 2 |a RU  |b 63413507  |c 20170111  |g RCR 
942 |c BK